The Unified Modeling Language User Guide (Record no. 594846)
[ view plain ]
| 000 -LEADER | |
|---|---|
| fixed length control field | 00444nam a22001457a 4500 |
| 020 ## - INTERNATIONAL STANDARD BOOK NUMBER | |
| International Standard Book Number | 9788177583724 |
| 040 ## - CATALOGING SOURCE | |
| Transcribing agency | NUST |
| 082 ## - DEWEY DECIMAL CLASSIFICATION NUMBER | |
| Classification number | 005.117 BOO |
| 100 ## - MAIN ENTRY--PERSONAL NAME | |
| Personal name | Booch, Grady |
| 9 (RLIN) | 80844 |
| 110 ## - MAIN ENTRY--CORPORATE NAME | |
| Corporate name or jurisdiction name as entry element | Rumbaugh, James. Jacobson, Ivar |
| 9 (RLIN) | 112564 |
| 245 ## - TITLE STATEMENT | |
| Title | The Unified Modeling Language User Guide |
| 260 ## - PUBLICATION, DISTRIBUTION, ETC. | |
| Place of publication, distribution, etc. | New Dehli: |
| Name of publisher, distributor, etc. | Pearson Education, |
| Date of publication, distribution, etc. | 2012. |
| 650 ## - SUBJECT ADDED ENTRY--TOPICAL TERM | |
| Topical term or geographic name entry element | TEXTBOOKS-DCE.THE UNIFIED MODELING LANGUAGE USER GUIDE |
| 9 (RLIN) | 112781 |
| 942 ## - ADDED ENTRY ELEMENTS (KOHA) | |
| Source of classification or shelving scheme | |
| Koha item type | Text Books |
| Withdrawn status | Lost status | Source of classification or shelving scheme | Damaged status | Not for loan | Permanent Location | Current Location | Shelving location | Date acquired | Full call number | Barcode | Date last seen | Price effective from | Koha item type |
|---|---|---|---|---|---|---|---|---|---|---|---|---|---|
| College of Electrical & Mechanical Engineering (CEME) | College of Electrical & Mechanical Engineering (CEME) | Text Books | 05/24/2023 | 005.117 BOO | CEME-48609 | 05/24/2023 | 05/24/2023 | Reference | |||||
| College of Electrical & Mechanical Engineering (CEME) | College of Electrical & Mechanical Engineering (CEME) | Text Books | 05/24/2023 | 005.117 BOO | CEME-48610 | 05/24/2023 | 05/24/2023 | Reference | |||||
| College of Electrical & Mechanical Engineering (CEME) | College of Electrical & Mechanical Engineering (CEME) | Text Books | 05/24/2023 | 005.117 BOO | CEME-48611 | 05/24/2023 | 05/24/2023 | Reference | |||||
| College of Electrical & Mechanical Engineering (CEME) | College of Electrical & Mechanical Engineering (CEME) | Text Books | 05/24/2023 | 005.117 BOO | CEME-48612 | 05/24/2023 | 05/24/2023 | Reference | |||||
| College of Electrical & Mechanical Engineering (CEME) | College of Electrical & Mechanical Engineering (CEME) | Text Books | 05/24/2023 | 005.117 BOO | CEME-48613 | 05/24/2023 | 05/24/2023 | Reference |
